Rulers of Sweden - Statistics

General Stats
  • This quiz has been taken 46 times
  • The average score is 40 of 77
Answer Stats
Hint Answer % Correct
1523-1560 Gustav I
95%
1771-1792 Gustav III
95%
1604-1611 Charles IX
77%
1157-1167 Charles VII
77%
1438-1440 Charles VIII
77%
1448-1457 Charles VIII
77%
1464-1470 Charles VIII
77%
1654-1660 Charles X
77%
1660-1697 Charles XI
77%
1697-1718 Charles XII
77%
1809-1818 Charles XIII
77%
1818-1844 Charles XIV
77%
1859-1872 Charles XV
77%
1499-1604 Duke Charles
77%
1809 Duke Charles
77%
1611-1632 Gustav II Adolf
74%
1792-1809 Gustav IV Adolf
74%
1066 Eric and Eric
69%
970-995 Eric VII
69%
1083 Eric VIII
69%
1208-1216 Eric X
69%
1222-1229 Eric XI
69%
1234-1250 Eric XI
69%
1356-1359 Eric XII
69%
1396-1439 Eric XIII
69%
1560-1569 Eric XIV
69%
1950-1973 Gustaf VI Adolf
69%
1157-1160 Saint Eric
69%
1973- Carl XVI
64%
1457-1464 Christian I
64%
1520-1521 Christian II
64%
1632-1654 Christina
62%
1907-1950 Gustaf V
59%
1216-1222 John I
56%
1497-1501 John II
56%
1569-1592 John III
56%
1844-1859 Oscar I
51%
1872-1907 Oscar II
51%
1592-1599 Sigismund
51%
1751-1771 Adolf Frederick
49%
1125-1130 Magnus I
49%
1160-1161 Magnus II
49%
1275-1290 Magnus III
49%
1319-1364 Magnus IV
49%
1720-1751 Frederick I
46%
1389-1412 Margaret
46%
995-1022 Olof
44%
1718-1719 Princess Ulrika
41%
1719-1720 Ulrika
41%
1250-1275 Valdemar
41%
1290-1318 Birger
38%
1081-1083 Sweyn
38%
1130-1156 Sverker I
36%
1196-1208 Sverker II
36%
1364-1389 Albert
33%
1441-1448 Christopher
33%
1521-1523 Gustav Vasa
33%
1078-1112 Inge
33%
1118-1125 Inge
33%
1100-1118 Philip
33%
1060-1066 Stenkil
33%
1068-1076 Anund
31%
1050-1060 Emund
31%
1076-1078 Håkan
31%
1362-1364 Håkan
31%
1167-1196 Canute I
28%
1229-1234 Canute II
28%
1501-1503 Sten Sture
28%
1512-1520 Sten Sture
28%
1022-1050 Anund Jacob
26%
1066-1068 Halsten
26%
1512 Eric Trolle
23%
1125 Ragnvald
23%
1504-1512 Svante Nilsson
23%
1170-1173 Kol
21%
1318-1319 Duchess Ingeborg
18%
1173-1176 Boleslaw
15%
No matching quizzes found
Score Distribution
Percent of People with Each Score
Percentile by Number Answered
Your Score History
You have not taken this quiz